000 00906pam a2200277 a 4500
999 _c10579
_d10579
001 724504
003 OSt
005 20210226154525.0
008 980302s1998 cou b 000 0 eng
010 _a 98006268
020 _a1576830470 (pbk.)
040 _aDLC
_cDLC
_dDLC
050 0 0 _aBV4908.5
_bD579C
082 0 0 _a248.4
_221
_bD579C
100 1 _aDillow, Linda.
245 1 0 _aCalm my anxious heart /
_cLinda Dillow.
260 _aColorado Springs, Colo. :
_bNavPress,
_cc1998.
300 _a239 p. ;
_c22 cm.
500 _a"Includes a twelve-week Bible study"--Cover.
504 _aIncludes bibliographical reference.
600 1 0 _aDillow, Linda.
650 0 _aPeace of mind
_xReligious aspects
_xChristianity.
906 _a7
_bcbc
_corignew
_d1
_eocip
_f19
_gy-gencatlg
942 _2ddc
_cBK